| 000 | 00458nam a22001817a 4500 | ||
|---|---|---|---|
| 003 | CEME | ||
| 005 | 20210628203016.0 | ||
| 008 | 210119b xxu||||| |||| 00| 0 eng d | ||
| 020 | _a0-07-012498-1 | ||
| 040 | _c. | ||
| 082 | _a808.02 CON | ||
| 100 |
_aConnelly, Mark _962838 |
||
| 245 | _aThe mcgraw hill workbook | ||
| 260 |
_aNEW YORK _bMCGRAW HILL _c1994 |
||
| 300 | _aX,448 P | ||
| 650 |
_aENGLISH WRITING.WRITING PROCESS. _962839 |
||
| 942 |
_cBK _2ddc |
||
| 999 |
_c571812 _d571812 |
||